| 000 | 01653cam a2200457 a 4500 | ||
|---|---|---|---|
| 001 | 22030 | ||
| 003 | VRT | ||
| 005 | 20260317165301.0 | ||
| 008 | 240314s2012 xo g 000 f slo | ||
| 015 | _aSNBA2012/04-02087 | ||
| 020 |
_a9788055127309 _q(viaz.) |
||
| 035 | _a33C976B0-DFD0-49DE-88D2-7EFC5613FFA1 | ||
| 035 | _aurn:nbn:sk:snk-amjjrb | ||
| 035 | _aurn:nbn:sk:snk-am000zij | ||
| 039 | 9 |
_a202512272108 _bAUTHORITY _c202403141559 _dVLOAD _c201508271419 _dVLOAD _c201508271048 _dVLOAD |
|
| 040 |
_aPOKPOH _bslo _cPOKPOH _dSNK _eAACR2 |
||
| 041 | 1 |
_aslo _heng |
|
| 044 |
_axo _cSK |
||
| 072 | 7 |
_a821.111(73)-3 _xAmerická próza _2konspekt |
|
| 080 |
_a821.111(73)-31 _22001 |
||
| 080 |
_a(0:82-312.5) _22001 |
||
| 100 | 1 |
_aDeveraux, Jude, _d1947- _4aut |
|
| 240 | 1 | 0 |
_aScarlet nights _lSlovensky |
| 245 | 1 | 0 |
_aŠarlátové noci _cJude Deverauxová ; [z anglického originálu preložil Otakar Kořínek] |
| 250 | _a[1. vyd.] | ||
| 260 |
_aBratislava _bIkar _c2012 |
||
| 300 |
_a319 s. _c21 cm |
||
| 655 | 7 |
_aamerické romány _2SNKPH |
|
| 655 | 7 |
_aľúbostné romány _2SNKPH |
|
| 655 | 7 |
_aAmerican fiction _2SNKPHeng |
|
| 655 | 7 |
_aLove novels _2SNKPHeng |
|
| 700 | 1 |
_aKořínek, Otakar, _d1946-2025 _4trl |
|
| 942 |
_2ddc _cKLDO _n0 |
||
| 949 |
_6270001000396346 _asvkbbA 133920 _bsvkbbm 724755 |
||
| 949 |
_617A0879742 _asnkSC 148605 _bsnk2012/5717 _o487/12 |
||
| 949 |
_617A0895985 _asnkSC 148605 D1 _bsnk2012/6926 _o487/12 _s6100:20140925 |
||
| 949 |
_62889184614 _asavukPV 16350 _bsavuk2012/2246 |
||
| 949 |
_6273K0570838 _asvkpoA 221323 _bsvkpo572741 |
||
| 980 | _a821.111(73)-31 | ||
| 999 |
_c22030 _d22030 |
||